Modern Trends and Emerging Practices Applied By Organisations Operating in Slovakia

Moderné manažérske metódy a nástroje používané v organizácii. Skúmanie tradičných faktorov riadenia - tvrdé a mäkké faktory a ich význam pri riadení organizácie.

Salvato in:
Dettagli Bibliografici
Autore principale: Čambalíková, Andrea, 1990-
Altri autori: Szabo, Ľuboslav
Natura: Capitolo di libro
Lingua:inglese
Soggetti:
Tags: Aggiungi Tag
Nessun Tag, puoi essere il primo ad aggiungerne!!

MARC

LEADER 00000naa$a2200000$$$4500
001 0270231
005 20240521100633.3
041 0 |a eng 
044 |a FR 
245 1 0 |a Modern Trends and Emerging Practices Applied By Organisations Operating in Slovakia  |c Andrea Čambalíková, Ľuboslav Szabo 
520 |a Moderné manažérske metódy a nástroje používané v organizácii. Skúmanie tradičných faktorov riadenia - tvrdé a mäkké faktory a ich význam pri riadení organizácie. 
610 2 0 |a manažment 
610 2 0 |a riadenie podnikové 
610 2 0 |a Slovensko 
100 1 |a Čambalíková, Andrea, 1990- 
700 1 |a Szabo, Ľuboslav